Animaux par lettre en 1min - A - Statistiques

Statistiques générales
  • Ce quiz a été pris 98 fois
    97 depuis la dernière actualisation
  • Le résultat moyen est 5 sur 30
Statistiques - réponses
Réponse % Correct
Abeille
64%
Ara
64%
Araignée
56%
Antilope
41%
Âne
40%
Alligator
38%
Autruche
38%
36%
Anaconda
36%
Aigle
34%
Albatros
18%
Alpaga
18%
Alouette
13%
Anguille
8%
Axolotl
6%
Acarien
5%
Atèle
2%
Aye-aye
2%
Anchois
1%
Aardvark
0%
Aigrette
0%
Anhinga
0%
Anoa
0%
Apelle
0%
Araçari
0%
Argali
0%
Argiope
0%
Autour
0%
Avahi
0%
Avocette
0%
Aucun quiz correspondant
Distribution des résultats
% des personnes avec chaque résultat
Percentile par nombre de réponses
Votre historique - résultats
Vous n’avez pas pris ce quiz depuis la dernière actualisation